Cây thuốc vườn trường
Giới thiệu các loại cây thuốc dễ thấy chữa các bệnh thường gặp như cây bàng, cây bồ kết, cây bưởi
Đã lưu trong:
| Tác giả chính: | |
|---|---|
| Định dạng: | Sách |
| Năm xuất bản: |
H.
Giáo dục
1997
|
| Chủ đề: | |
| Tags: |
Thêm thẻ
Không có thẻ, Hãy là người đầu tiên gắn thẻ bản ghi này!
|
| LEADER | 02203nam a2200253 4500 | ||
|---|---|---|---|
| 082 | |a 615.321 |b NG527H | ||
| 100 | |a Nguyễn Hữu Đảng | ||
| 245 | |a Cây thuốc vườn trường |c Nguyễn Hữu Đảng | ||
| 260 | |a H. |b Giáo dục |c 1997 | ||
| 300 | |a 127 tr. |c 21 cm | ||
| 520 | |a Giới thiệu các loại cây thuốc dễ thấy chữa các bệnh thường gặp như cây bàng, cây bồ kết, cây bưởi | ||
| 653 | |a Y học | ||
| 653 | |a Cây thuốc | ||
| 942 | |2 ddc |c STK0 | ||
| 999 | |c 6730 |d 6730 | ||
| 952 | |0 0 |1 0 |2 ddc |4 0 |6 615_321000000000000_NG527H |7 0 |8 600 |9 63370 |a qbu |b qbu |c D3 |d 2015-01-22 |g 9400 |o 615.321 NG527H |p 2242.c1 |r 0000-00-00 |w 2015-01-22 |y STK0 |0 0 |6 615_321000000000000_NG527H | ||
| 952 | |0 0 |1 0 |2 ddc |4 0 |6 615_321000000000000_NG527H |7 0 |8 600 |9 63371 |a qbu |b qbu |c D3 |d 2015-01-22 |g 9400 |o 615.321 NG527H |p 2242.c2 |r 0000-00-00 |w 2015-01-22 |y STK0 |0 0 |6 615_321000000000000_NG527H | ||
| 952 | |0 0 |1 0 |2 ddc |4 0 |6 615_321000000000000_NG527H |7 0 |8 600 |9 63372 |a qbu |b qbu |c D3 |d 2015-01-22 |g 9400 |o 615.321 NG527H |p 2242.c3 |r 0000-00-00 |w 2015-01-22 |y STK0 |0 0 |6 615_321000000000000_NG527H | ||
| 952 | |0 0 |1 0 |2 ddc |4 0 |6 615_321000000000000_NG527H |7 0 |8 600 |9 63373 |a qbu |b qbu |c D3 |d 2015-01-22 |g 9400 |o 615.321 NG527H |p 2242.c4 |r 0000-00-00 |w 2015-01-22 |y STK0 |0 0 |6 615_321000000000000_NG527H | ||
| 952 | |0 0 |1 0 |2 ddc |4 0 |6 615_321000000000000_NG527H |7 0 |8 600 |9 63374 |a qbu |b qbu |c D3 |d 2015-01-22 |g 9400 |o 615.321 NG527H |p 2242.c5 |r 0000-00-00 |w 2015-01-22 |y STK0 |0 0 |6 615_321000000000000_NG527H | ||
| 952 | |0 0 |1 0 |2 ddc |4 0 |6 615_321000000000000_NG527H |7 0 |8 600 |9 63375 |a qbu |b qbu |c D3 |d 2015-01-22 |g 9400 |o 615.321 NG527H |p 2242.c6 |r 0000-00-00 |w 2015-01-22 |y STK0 |0 0 |6 615_321000000000000_NG527H | ||
| 952 | |0 0 |1 0 |2 ddc |4 0 |6 615_321000000000000_NG527H |7 0 |8 600 |9 63376 |a qbu |b qbu |c D3 |d 2015-01-22 |g 9400 |o 615.321 NG527H |p 2242.c7 |r 0000-00-00 |w 2015-01-22 |y STK0 |0 0 |6 615_321000000000000_NG527H | ||
| 952 | |0 0 |1 0 |2 ddc |4 0 |6 615_321000000000000_NG527H |7 0 |8 600 |9 63377 |a qbu |b qbu |c D3 |d 2015-01-22 |g 9400 |o 615.321 NG527H |p 2242.c8 |r 0000-00-00 |w 2015-01-22 |y STK0 |0 0 |6 615_321000000000000_NG527H | ||
| 952 | |0 0 |1 0 |2 ddc |4 0 |6 615_321000000000000_NG527H |7 0 |8 600 |9 63378 |a qbu |b qbu |c D3 |d 2015-01-22 |g 9400 |o 615.321 NG527H |p 2242.c9 |r 0000-00-00 |w 2015-01-22 |y STK0 |0 0 |6 615_321000000000000_NG527H | ||